000 00300nam a2200145Ia 4500
650 _aDictionary
942 _cBK
366 _f20
245 _aCambridge phrasal verbs dictionary
260 _bCambridge
_c2006
082 _a25
_bOXF
300 _a411
546 _aENGLISH
_cComputers
999 _c34040
_d34040